History Quiz

Random History or Blitz Quiz

Match 'Em Up Blitz - History Quiz Stats

Quiz Updated Jun 6, 2018

Also try: Match 'Em Up Blitz
Challenge
Share
Tweet
Embed
Score 0/40 Timer 07:00
6 Plays Today
% Correct
EVENTS
99.9%
EVENT
99.9%
DATE
99.9%
LEADER
81.3%
LEADERS
81.1%
CIVILIZATION
81.1%
EVENTS COMPLETE
81.1%
LEADERS UNLOCKED
81%
ASSASSIN
80.4%
ASSASSINS
80.3%
VICTIM
80.3%
LEADERS COMPLETE
80.3%
ASSASSINS UNLOCKED
80.2%
BATTLE
72.7%
BATTLES
71.9%
LOCATION (MODERN)
71.8%
ASSASSINS COMPLETE
71.8%
BATTLES UNLOCKED
71.8%
CIVILIZATION
68.4%
LANDMARKS
68.2%
% Correct
BUILDING
68.2%
BATTLES COMPLETE
68.2%
LANDMARKS UNLOCKED
68.1%
EXPLORATION
59.4%
EXPLORER
59.3%
REGION
59.2%
LANDMARKS COMPLETE
59.2%
EXPLORATION UNLOCKED
59.1%
DISASTERS
43.7%
LOCATION
43.6%
DISASTER, YEAR
43.5%
EXPLORATION COMPLETE
43.5%
DISASTERS UNLOCKED
43.5%
DEATH
31.2%
DEATHS
30.2%
PERSON
30.2%
DISASTERS COMPLETE
29.8%
DEATHS UNLOCKED
29.8%
DEATHS COMPLETE
18.5%
WELL DONE
18.4%

You're not logged in!

Compare scores with friends on all Sporcle quizzes.
Join for Free
OR
Log In

You Might Also Like...

Show Comments

Extras

Top Quizzes Today


Score Distribution

Your Account Isn't Verified!

In order to create a playlist on Sporcle, you need to verify the email address you used during registration. Go to your Sporcle Settings to finish the process.

Report this User

Report this user for behavior that violates our Community Guidelines.

Details: